Wyłónacka

Titel: Wyłónacka : słownik gwary szczawnickiej / Andrzej Dziedzina Wiwer
Verfasser:
Veröffentlicht: Kraków : Oficyna Artystyczna Astraia, 2013
Umfang: 246 S. ; 20 cm
Format: Buch
Sprache: Polnisch
Schlagworte:
ISBN: 8360569584 ; 9788360569580
Buchumschlag
X
Lokale Klassifikation: 37 10 B ; 37 8 S 40
alg: 33211364
001A    $03004:02-10-13 
001B    $03025:04-02-26 $t13:15:15.000 
001C    $03004:02-10-13 $t11:39:40.000 
001D    $03004:07-01-14 
001U    $0utf8 
001X    $00 
002@    $0Aau 
003@    $0332113647 
004A    $083-60569-58-4 
004A    $A978-83-60569-58-0 
007A    $0332113647 $aHEB 
010@    $apol 
011@    $a2013 $n2013 
021A    $aWyłónacka $dsłownik gwary szczawnickiej $hAndrzej Dziedzina Wiwer 
028A    $#Wiwer, Andrzej Dziedzina- $#Dziedzina Wiwer, Andrzej $7 $8Dziedzina-Wiwer, Andrzej [Tn3] $9335009220 
033A    $pKraków $nOficyna Artystyczna Astraia 
034D    $a246 S. 
034I    $a20 cm 
044K    $74582755-2 $8Szczawnica$zRegion [Tg1] $9090895746 
044K    $RRegionalsprache $#Dialects $#Régionalismes (linguistique) $#Dialetti $#Dialekt Linguistik $#Regiolekt $#Mundarten $74040725-1 $8Mundart [Ts1] $9085111333 
045F    $a400 $eDDC23BSB 
045F/01 $a400 
045F/03 $g4386 

lok: 33211364 24
101B    $007-01-14 $t10:45:21.000 
101C    $007-01-14 
101U    $0utf8 
145Z/01 $a37 10 B 
145Z/02 $a37 8 S 40 

exp: 33211364 24 1 #EPN
201B/01 $007-01-14 $t10:44:33.000 
201C/01 $002-10-13 
201U/01 $0utf8 
203@/01 $0721311032 
208@/01 $a07-01-14 $bz 
209A/01 $a13.10582 $du $f050 $h13 10582 $x00 
209C/01 $a13.10582 K $h13 10582 K 
209G/01 $a73373026 $x00 
220C/01 $awal 
247C/01 $8358050-7 Marburg, Bibliothek des Herder-Instituts Marburg $9102600961 

lok: 33211364 78

exp: 33211364 78 1 #EPN
201B/01 $004-02-26 $t13:15:21.000 
201C/01 $004-02-26 
201U/01 $0utf8 
203@/01 $01333504500 
208@/01 $a04-02-26 $be 
209A/01 $a/ $f000 $x00 
209A/01 $ab*p $x01 
220C/01 $apgar 
244Z/01 $#Generalgouvernement Polen $#Polska $#Rzeczpospolita Polska $#Polska Rzeczpospolita Ludowa $#Poland $#Pologne $#République Polonaise $#Generalne Gubernatorstwo w Polsce $#Polish People's Republic $#Polska Rzeczpospolita Polen $#PRL $#RP $#Polen Generalgouvernement $#Polska Generalgouvernement $#Besetzte Polnische Gebiete $#Besetztes Gebiet in Polen $#Okupowane Polskie Obszary $#Obszary Okupowane w Polsce $#Volksrepublik Polen $#Polska Rosyjska $#Republic Polen $#Respublika Pol'ša $#Pol'skaja Narodnaja Respublika $#République de Pologne $#Polen Links der Weichsel $#Polska po Lewej Stronie Wisły $#Lenkija $#Polija $#Gubernija Carstva Pol'skago $#Republik Polen $74046496-9 $8--Tg1--Polen $x01 $9085129801 
247C/01 $82080>Marburg/Lahn, Herder-Institut, Forschungsbibliothek, Bibliographieportal $9336309341
LEADER 00000cam a2200000 c 4500
001 332113647
003 DE-603
005 20260204131515.0
007 tu
008 131002s2013 xx |||| | u00||u|pol c
020 |a 8360569584 
020 |a 9788360569580 
035 |a (DE-599)HEB332113647 
040 |a DE-603  |b ger  |c DE-603  |d DE-603 
041 |a pol 
082 0 4 |8 1\u  |a 400  |q DE-101  |2 23/BSB 
085 |8 1\u  |b 400 
085 |8 1\u  |z 2  |s 4386 
100 1 |a Dziedzina-Wiwer, Andrzej  |0 (DE-603)335009220 
245 0 0 |a Wyłónacka  |b słownik gwary szczawnickiej  |c Andrzej Dziedzina Wiwer 
264 1 |a Kraków  |b Oficyna Artystyczna Astraia  |c 2013 
300 |a 246 S.  |c 20 cm 
650 7 |a Mundart  |0 (DE-588)4040725-1  |0 (DE-603)085111333  |2 gnd 
651 7 |a Szczawnica  |0 (DE-588)4582755-2  |0 (DE-603)090895746  |2 gnd 
924 0 |9 Mb 50  |a (DE-603)721311032  |b DE-Mb50  |c HES  |d c  |g 13.10582 
924 0 |9 2080  |a (DE-603)1333504500  |b DE-2080  |c HES  |d d  |g /